000 00289nam a2200121Ia 4500
008 191201s2008 xx 000 0 und d
100 _aRAJARAMAN, V
245 0 _aComputer basics and C programming
250 _aRep
260 _c2008
_bPHI
_aNEW DELHI
300 _a431
942 _2ddc
_cBK
_05
999 _c7808
_d7808